| 000 | 02389nam a2200325 a 4500 | ||
|---|---|---|---|
| 001 | BRCA_4946 | ||
| 005 | 20190320204855.0 | ||
| 008 | 211010s1887----mx-####f#v---#000-0#spa-# | ||
| 041 | _aspa | ||
| 044 | _amx | ||
| 084 |
_aDOC1 _b.H37 _c1887 _pD1995 |
||
| 100 | 1 |
_aHasburgo-Lorena, María Cristina _cReina Regente del Reino _d1885-1902 _eCasa de Borbón [segunda restauración] _912565 |
|
| 245 | 1 | 0 |
_aDocumento firmado por la Reina Regente del Reino y Fernando de León y Castillo _cMaría Cristina Hasburgo-Lorena, Fernando de León y Castillo, Federico de Ramón. |
| 260 |
_aMadrid, España _c1887 |
||
| 300 |
_a[1] foja _c37 x 26 cm. |
||
| 500 | _aDocumento expedido a Don Federico de Ramón el 14 de abril de 1887 por la Reina Regente del Reino [María Cristina de Hasburgo-Lorena] y el Ministro de la Gobernación Fernando de León y Castillo | ||
| 500 | _aPapel con marca de agua | ||
| 500 | _aAl margen superior contiene sello Real Español e inscripción que dice: DON ALFONSO XIII. POR LA GRACIA DE DIOS Y LA CONSTITUCIÓN REY DE ESPAÑA. En su nombre y durante su menor edad LA REINA REGENTE DEL REINO | ||
| 500 | _aEstado de conservación: contiene roturas y acidez | ||
| 500 | _aDonación del Sr. Gonzalo Tassier 10 agosto 1995 | ||
| 505 | 0 | _aContenido: LA REINA REGENTE DEL REYNO. Por cuanto atendiendo almérito y servicios de vos Don Federico de Ramón he tenido a bien conoceros por Mi Real Decreto del doce del actual los honores de Jefe de Adminstración civil POR TANTO mando os sean guardados las consideraciones fueros y preeminencias que os correspondan como tal Jefe de Administración civil con arreglo al Real Decreto de Diez y ocho de junio de mil ochocientos cincuenta y dos y demás disposiciones vigentes dado en Palacio a catorce de abril de mil chocientos ochenta y siete | |
| 506 | 0 | _aFondo reservado: para su consulta es necesario credencial de usuario y carta de motivos. | |
| 546 | _aTexto en: español de finales del siglo XIX | ||
| 600 | 1 | 4 |
_aHasburgo-Lorena, María Cristina _cReina Regente del Reino _d1885-1902 _eCasa de Borbón [segunda restauración] _xHistoria _912566 |
| 651 | 4 |
_aEspaña _vImpreso con rúbricas _xHistoria _ySiglo XIX _912567 |
|
| 700 | 1 |
_aLeón y Castillo, Fernando _cMinistro de Gobernación _d1842-1918 _912568 |
|
| 700 | 1 |
_aRamón, Federico de _cJefe de Administración Civil _912569 |
|
| 902 | _aDDH | ||
| 942 |
_2lcc _cD |
||
| 999 |
_c4640 _d4640 |
||